|
|
|
|
| LEADER |
00000nam0a2200000 4500 |
| 001 |
333155 |
| 005 |
20231102004527.0 |
| 035 |
|
|
|a (RuTPU)RU\TPU\book\359150
|
| 035 |
|
|
|a RU\TPU\book\359147
|
| 090 |
|
|
|a 333155
|
| 100 |
|
|
|a 20170607d1958 km y0rusy50 ca
|
| 101 |
0 |
|
|a rus
|
| 102 |
|
|
|a RU
|
| 105 |
|
|
|a a g 000zy
|
| 200 |
1 |
|
|a Справочник по нормированию станочных работ в единичном и мелкосерийном производстве
|f Л. А. Ближевский, М. М. Корбов, А. В. Сергеев
|g под ред. Е. И. Стружестраха
|
| 205 |
|
|
|a 2-е изд., перераб. и доп.
|
| 210 |
|
|
|a Москва
|c Машгиз
|d 1958
|
| 215 |
|
|
|a 728 с.
|c ил.
|
| 606 |
1 |
|
|a Станочные работы
|x Нормы времени
|2 stltpush
|3 (RuTPU)RU\TPU\subj\56805
|9 74695
|
| 610 |
1 |
|
|a отрезные работы
|
| 610 |
1 |
|
|a токарные работы
|
| 610 |
1 |
|
|a резьбонарезные работы
|
| 610 |
1 |
|
|a строгальные работы
|
| 610 |
1 |
|
|a долбежные работы
|
| 610 |
1 |
|
|a сверлильные работы
|
| 610 |
1 |
|
|a фрезерные работы
|
| 610 |
1 |
|
|a зуборезные работы
|
| 610 |
1 |
|
|a шлифовальные работы
|
| 610 |
1 |
|
|a время
|
| 610 |
1 |
|
|a режимы
|
| 610 |
1 |
|
|a справочники
|
| 675 |
|
|
|a 621.9.06.002:658(035)
|v 4
|
| 700 |
|
1 |
|a Ближевский
|b Л. А.
|g Лев Абрамович
|
| 701 |
|
1 |
|a Корбов
|b М. М.
|g Меер Мойсеевич
|
| 701 |
|
1 |
|a Сергеев
|b А. В.
|g Александр Владимирович
|
| 702 |
|
1 |
|a Стружестрах
|b Е. И.
|4 340
|
| 801 |
|
1 |
|a RU
|b 63413507
|c 20170607
|
| 801 |
|
2 |
|a RU
|b 63413507
|c 20180606
|g RCR
|
| 942 |
|
|
|c BK
|